Technika a technológia služieb Vybrané odvetvia a úseky hospodárstva NV

Saved in:
Bibliographic Details
Main Author: Mateides, Alexander
Corporate Author: Vysoká škola ekonomická v Bratislave. Fakulta ekonomiky služieb a cestovného ruchu v Banskej Bystrici
Format: Book
Language:Slovak
Published: Bratislava VŠE 1987
Edition:1. vyd.
Tags: Add Tag
No Tags, Be the first to tag this record!

MARC

LEADER 00000nam a2200000 4500
001 c025578
005 20221219095311.3
041 0 |a slo 
044 |a SK 
245 1 0 |a Technika a technológia služieb  |b Vybrané odvetvia a úseky hospodárstva NV  |c Alexander Mateides 
250 |a 1. vyd. 
264 1 |a Bratislava  |b VŠE  |c 1987 
300 |a 169 s. 
100 1 |a Mateides, Alexander 
710 2 |a Vysoká škola ekonomická v Bratislave. Fakulta ekonomiky služieb a cestovného ruchu v Banskej Bystrici